De Historia e Historiadores: Homenaje a José Luis Romero /

Este libro es una compilación de ensayos históricos realizados en homenaje a José Luis Romero, historiador argentino (1909-1977) Su obra dejó honda huella entre historiadores hispanoamericanos. Autores: A. Ardao; S. Bagú; A. Conde; M. Deal; E. Gallo; Luis González; L.H. Gutiérrez; R. Gutiérrez Girar...

Повний опис

Збережено в:
Бібліографічні деталі
Автор: Bagú, Sergio (autor)
Інші автори: Weinberg, Gregorio (autor) (autor), Zea, Leopoldo (autor) (autor)
Формат: Книга
Мова:Іспанська
Опубліковано: México : Siglo XXI, 1982
Серія:(Historia)
Предмети:
Теги: Додати тег
Немає тегів, Будьте першим, хто поставить тег для цього запису!

MARC

LEADER 00000nam^a2200000^a^4500
001 000026373
005 20250521000000.0
009 20260310084729.297
020 |a 968-23-0939-5 
037 |a Acervo ITESO - Biblioteca 
041 |a ESP 
082 |a 970.  |b BAG 
100 |a Bagú, Sergio  |e (autor) 
245 1 0 |a De Historia e Historiadores: Homenaje a José Luis Romero /  |c S. Bagú; et. al. 
264 1 |a México :  |b Siglo XXI,  |c 1982 
300 |a 436 p. 
336 |a texto  |b txt  |2 rdacontenido 
337 |a sin mediación  |b n  |2 rdamedio 
338 |a volumen  |b nc  |2 rdasoporte 
440 1 |a (Historia) 
520 |a Este libro es una compilación de ensayos históricos realizados en homenaje a José Luis Romero, historiador argentino (1909-1977) Su obra dejó honda huella entre historiadores hispanoamericanos. Autores: A. Ardao; S. Bagú; A. Conde; M. Deal; E. Gallo; Luis González; L.H. Gutiérrez; R. Gutiérrez Girardot; T. Halperin-Dongui; J.E. Hardouy; J. Lynch; J. Marichal; R.M. Morse; J.S. Scobie; A. Tenenti; J.A. Oddone; N. Sanchez-Albornuz; G. Weinberg; L. 
649 |a XX 
650 |a América -  |x Historia 
650 |a Latinoamérica -  |x Historia 
700 |a Weinberg, Gregorio  |e (autor) 
700 |a Zea, Leopoldo  |e (autor) 
910 |a Fondo General 
920 |a Impresos - Libros 
930 |a Colección General 
905 |a 101 
901 |a 0263730100  |b IT1  |c ACC  |i 026373  |u 20250521 
902 |a https://opac.biblio.iteso.mx/vufind/Record/000026373